One Piece - Membres de la Grande Flotte du Chapeau de Paille - Statistiques

Statistiques générales
  • Ce quiz a été pris 249 fois
  • Le résultat moyen est 21 sur 35
Statistiques - réponses
Équipages Noms % Correct
Zoro
98%
Jinbe
97%
Luffy
97%
Nami
97%
Brook
96%
Chopper
96%
Franky
96%
Robin
96%
Chapeau de paille Sanji
96%
Usopp
95%
Bartolomeo
91%
Cavendish
84%
Leo
80%
Ideo
76%
Hajrudin
67%
Sai
65%
Don Chinjao
64%
Happou Navy Baby5
55%
Orlumbus
48%
Boo
47%
Abdullah
45%
Equipage d'Ideo Blue Gilly
45%
Kabu
42%
Jeet
40%
Suleiman
39%
Equipage Tontatta Bee Anne
35%
Magnifiques Pirates Farul
34%
Barto Club Gambia
31%
Yonta Maria Colombus
25%
Wicka
22%
Gerd
18%
Goldberg
18%
Nouvel équipage des Géants Road
18%
Stansen
18%
Flapper
14%
Aucun quiz correspondant
Distribution des résultats
% des personnes avec chaque résultat
Percentile par nombre de réponses
Votre historique - résultats
Vous n’avez pas pris ce quiz